Research and evaluation methods in special education (Record no. 7346)

000 -LEADER
fixed length control field 01310 a2200229 4500
020 ## - INTERNATIONAL STANDARD BOOK NUMBER
International Standard Book Number 0761946535
040 ## - CATALOGING SOURCE
Original cataloging agency DLC
Language of cataloging DLC
082 00 - DEWEY DECIMAL CLASSIFICATION NUMBER
Classification number 371.9072
100 1# - MAIN ENTRY--PERSONAL NAME
Personal name Mertens, Donna M.
245 10 - TITLE STATEMENT
Title Research and evaluation methods in special education
Statement of responsibility, etc. Donna M. Mertens, John A. McLaughlin.
260 ## - PUBLICATION, DISTRIBUTION, ETC.
Place of publication, distribution, etc. Thousand Oaks, Calif. :
Name of publisher, distributor, etc. Corwin Press,
Date of publication, distribution, etc. c2004.
300 ## - PHYSICAL DESCRIPTION
Extent xiv, 275 p. :
Other physical details ill. ;
Dimensions 27 cm.
505 0# - FORMATTED CONTENTS NOTE
Formatted contents note Program evaluation -- Literature review -- Quantitative research methods -- Other quantitative approaches -- Qualitative methods -- Mixed methods and mixed model designs -- Identification and selection of research participants -- Information collection -- Data analysis, interpretation, and use.
650 #0 - SUBJECT ADDED ENTRY--TOPICAL TERM
Topical term or geographic name entry element Special education
General subdivision Research
Geographic subdivision United States
General subdivision Methodology.
650 #0 - SUBJECT ADDED ENTRY--TOPICAL TERM
Topical term or geographic name entry element Children with disabilities
General subdivision Education
-- Research
Geographic subdivision United States
General subdivision Methodology.
650 #0 - SUBJECT ADDED ENTRY--TOPICAL TERM
Topical term or geographic name entry element Educational evaluation
Geographic subdivision United States.
700 1# - ADDED ENTRY--PERSONAL NAME
Personal name McLaughlin, John A.
Dates associated with a name 1943-
856 41 - ELECTRONIC LOCATION AND ACCESS
Materials specified Table of contents only
Uniform Resource Identifier <a href="http://www.loc.gov/catdir/toc/ecip044/2003012010.html">http://www.loc.gov/catdir/toc/ecip044/2003012010.html</a>
856 41 - ELECTRONIC LOCATION AND ACCESS
Materials specified Publisher description
Uniform Resource Identifier <a href="http://www.loc.gov/catdir/enhancements/fy0657/2003012010-d.html">http://www.loc.gov/catdir/enhancements/fy0657/2003012010-d.html</a>
856 41 - ELECTRONIC LOCATION AND ACCESS
Materials specified Contributor biographical information
Uniform Resource Identifier <a href="http://www.loc.gov/catdir/enhancements/fy0734/2003012010-b.html">http://www.loc.gov/catdir/enhancements/fy0734/2003012010-b.html</a>
942 ## - ADDED ENTRY ELEMENTS (KOHA)
Koha item type Book
Call number prefix 371.9072 MER
Source of classification or shelving scheme
Holdings
Withdrawn status Lost status Damaged status Not for loan Collection code Permanent Location Current Location Shelving location Date acquired Source of acquisition Cost, normal purchase price Total Checkouts Full call number Barcode Date last seen Date last checked out Price effective from Koha item type
          Central Library (CL) Central Library (CL) General Stacks 05/13/2005 Allied Book Company 2098.38 2 371.9072 MER SEECS005779 11/22/2021 11/19/2021 01/05/2017 Book
© 2023 Central Library, National University of Sciences and Technology. All Rights Reserved.